000 00801nam a2200253Ia 4500
003 OSt
005 20220923222242.0
006 a|||||r|||| 00| 0
007 ta
008 Pun
024 _a204,015
037 _cTextual
040 _aARTS
_cARTS
_bPun
041 _2Pun
_aPun
082 _aO153,3N55x, 152M8
100 _aभगवन्त कौर; आनंद, कांता, अनु.
_9166427
245 0 _aकटपीस
246 _aKaṭapīsa
260 _aदिल्ली
_b कादम्बरी प्रकाशन
_c1998
300 _a112पृ0
_ccm.
650 _aपंजाबी निबंध
942 _hO153,3N55x, 152M8
_cTEXL
_2CC
999 _c354765
_d354765